000 00641nam a2200133Ia 4500
008 220216s9999 xx 000 0 und d
100 _aMaiden N A
_cet al
245 0 _aIsolates of Streptomyces sp. with antifungal properties against Rigidoporus microporus
260 _bSustainability of the NR Industry: Issues, Challenges & Opportunities: International Rubber Conference, 21-22 November 2016, Cambodian Rubber Research Institute (CRRI) and International Rubber Research and Development Board (IRRDB), Siem Reap, Cambodia, pp.500-514.
650 _aAntifungal
650 _aRigidoporus microporus
650 _aStreptomyces
942 _cJS
999 _c61721
_d61721